01199nam a2200217 a 4500001001000000003000900010005001700019007000300036008004100039040002500080082002100105245010000126260003500226300002800261500053500289505002700824650003600851650003800887650003000925650002600955000017099DO-SdBNP20240513183244.0ta100317e1977 sp a b 001 0 spa d aDO-SdBNPbspacBNPHU 4a372.6bL566p22200aLenguaje 1er. curso, educación primaria /b revisión técnica Margarita Vallejo de Paredes aSanto Domingo :bEdyca,c1977. a158 p. :bil. ;c28 cm. aEl material didáctico para los dos primeros cursos de Educación Primaria (Libros del alumno, cuadernos y guías para el maestro) ha sido creado en el Departamento de Investigaciones Educativas de EDYCA - Editorial Dominicana y del Caribe - utilizando las experiencias, materiales y asesoramiento desarrollados por Educación Santillana en España y Latinoamérica, por el siguiente equipo: Ernestina Grullon, Luisa Maria Altagracia, Argentina Bejaran de Rodriguez, Germecinda LLaverias Colon, Celia Moyano, Ana Silvente.2 aGuía para el maestro 4aEspañolxEnseñanza básica 4aEspañolxEnseñanza elemental  4aEspañol xLibros textos 0aEducación primaria